National Assembly Library of Thailand

สื่อสาธารณะเป็นเช่นใด สังคมก็เป็นเช่นนั้น (ระเบียนเลขที่ 63648)

รายละเอียดในรูปแบบ MARC
000 -LEADER
fixed length control field 01552nam a22003257a 4500
005 - DATE AND TIME OF LATEST TRANSACTION
control field 20260216160226.0
008 - FIXED-LENGTH DATA ELEMENTS--GENERAL INFORMATION
fixed length control field s2554 th ||||| |||| 00| 0 tha d
020 ## - INTERNATIONAL STANDARD BOOK NUMBER
International Standard Book Number 9789743505201
050 ## - LIBRARY OF CONGRESS CALL NUMBER
Classification number PN1992.2 ร388ส 2554
100 0# - MAIN ENTRY--PERSONAL NAME
Personal name ชิตวัน สมรูป
245 10 - TITLE STATEMENT
Title สื่อสาธารณะเป็นเช่นใด สังคมก็เป็นเช่นนั้น
260 3# - PUBLICATION, DISTRIBUTION, ETC.
Place of publication, distribution, etc. กรุงเทพฯ :
Name of publisher, distributor, etc. องค์การกระจายเสียงและแพร่ภาพสาธารณะแห่งประเทศไทย,
Date of publication, distribution, etc. 2554
300 ## - PHYSICAL DESCRIPTION
Extent 200 หน้า :
Other physical details ภาพประกอบ, ตาราง ;
Dimensions 21 ซม.
650 04 - SUBJECT ADDED ENTRY--TOPICAL TERM
Topical term or geographic name entry element สื่อมวลชนกับสังคม
9 (RLIN) 64
650 04 - SUBJECT ADDED ENTRY--TOPICAL TERM
Topical term or geographic name entry element สถานีวิทยุ ซีบีซี
650 04 - SUBJECT ADDED ENTRY--TOPICAL TERM
Topical term or geographic name entry element สถานีวิทยุ บีบีซี
650 04 - SUBJECT ADDED ENTRY--TOPICAL TERM
Topical term or geographic name entry element สถานีโทรทัศน์ บีบีซี
650 04 - SUBJECT ADDED ENTRY--TOPICAL TERM
Topical term or geographic name entry element วิทยุโทรทัศน์
650 04 - SUBJECT ADDED ENTRY--TOPICAL TERM
Topical term or geographic name entry element สถานีโทรทัศน์ เอ็นเอชเค
650 04 - SUBJECT ADDED ENTRY--TOPICAL TERM
Topical term or geographic name entry element สถานีโทรทัศน์ พีบีเอส
650 04 - SUBJECT ADDED ENTRY--TOPICAL TERM
Topical term or geographic name entry element สถานีโทรทัศน์ เอบีซี
650 04 - SUBJECT ADDED ENTRY--TOPICAL TERM
Topical term or geographic name entry element ABC
650 04 - SUBJECT ADDED ENTRY--TOPICAL TERM
Topical term or geographic name entry element NHK
650 04 - SUBJECT ADDED ENTRY--TOPICAL TERM
Topical term or geographic name entry element BBC
850 ## - HOLDING INSTITUTION
Holding institution NALT
942 ## - ADDED ENTRY ELEMENTS (KOHA)
Koha item type General Book
Koha issues (borrowed), all copies 2
997 ## -
-- บ 23864
997 ## -
-- 000000000063648
998 ## - LOCAL CONTROL INFORMATION (RLIN)
-- นางสุกัญญา กัลยา
-- 111
-- นางสาวพจพิณ พรมเอี่ยม
รายการที่มีในห้องสมุด
Withdrawn status Lost status Damaged status Not for loan Collection code Home library Current library Source of acquisition Total Checkouts Total Renewals Full call number Barcode Date last seen Date last checked out Price effective from Koha item type
        General Book collection National Assembly Library of Thailand National Assembly Library of Thailand บริจาค 2 1 PN 1992.2 ร388ส 2554 3961184639 23/02/2026 16/02/2026 09/06/2017 General Book
หอสมุดรัฐสภา
สำนักงานเลขาธิการสภาผู้แทนราษฎร เลขที่ 1111 ถนนสามเสน แขวงถนนนครไชยศรี เขตดุสิต กรุงเทพฯ 10300
The Secretariat of the House of Representatives 1111 Samsen Road, Thanon Nakhon Chai Si, Dusit, Bangkok 10300, THAILAND
โทรศัพท์: +66(0) 2242 5900 ต่อ 5714-5 โทรสาร: +66(0) 2242 5990 อีเมล: [email protected]